Southville International School and Colleges
Your cart is empty.
  • Cart
  • Lists
    Public lists list_1 View all
    Your lists Log in to create your own lists
  • Log in to your account
  • Your cookies
  • Search history
Southville International School and Colleges
  • Advanced search
  • Recent comments
  • Most popular
  • Libraries

Log in to your account

Log in with GOOGLE


If you do not have an external account, but do have a local account, you can still log in:

  1. Home
  2. MARC view: Risk management and insurance /
Normal view MARC view ISBD view

Risk management and insurance / (Record no. 357272)

[ view plain ]
MARC details
000 -LEADER
fixed length control field 00564nam a2200217Ia 4500
008 - FIXED-LENGTH DATA ELEMENTS--GENERAL INFORMATION
fixed length control field 180523s9999 xx 000 0 und d
020 ## - INTERNATIONAL STANDARD BOOK NUMBER
International Standard Book Number 0-07-118818-5
050 ## - LIBRARY OF CONGRESS CALL NUMBER
Classification number MAIN HG 8054.5
050 ## - LIBRARY OF CONGRESS CALL NUMBER
Item number .H37 1999
100 ## - MAIN ENTRY--PERSONAL NAME
Personal name Harrington, Scott E.
245 #0 - TITLE STATEMENT
Title Risk management and insurance /
245 #0 - TITLE STATEMENT
Statement of responsibility, etc Scott E. Harrington, Gregory R. Niehaus.
260 ## - PUBLICATION, DISTRIBUTION, ETC. (IMPRINT)
Place of publication, distribution, etc Boston :
260 ## - PUBLICATION, DISTRIBUTION, ETC. (IMPRINT)
Name of publisher, distributor, etc McGraw-Hill,
260 ## - PUBLICATION, DISTRIBUTION, ETC. (IMPRINT)
Date of publication, distribution, etc 1999
300 ## - PHYSICAL DESCRIPTION
Extent 674 pages :
300 ## - PHYSICAL DESCRIPTION
Dimensions 23 cm.
500 ## - GENERAL NOTE
General note Includes index.
650 ## - SUBJECT ADDED ENTRY--TOPICAL TERM
Topical term or geographic name as entry element Risk (Insurance).
650 ## - SUBJECT ADDED ENTRY--TOPICAL TERM
General subdivision Risk management.
Holdings
Withdrawn status Lost status Damaged status Home library Current library Shelving location Date acquired Cost, normal purchase price Total Checkouts Full call number Barcode Date last seen Price effective from Koha item type
      South Mansfield College South Mansfield College   06/20/2006 345.00   MAIN HG 8054.5 .H37 1999 SMC03305 05/23/2018 05/23/2018  

Risk management and insurance /

APA

Harrington S. E., .Risk management and insurance. Boston: .

Chicago

Harrington Scott E, .Risk management and insurance. Boston: .

Harvard

Harrington S. E., .Risk management and insurance. Boston: .

MLA

Harrington Scott E, .Boston: . .

  • Place hold
  • Print
  • Cite
  • Add to your cart (remove)
  • Save record
    BIBTEX Dublin Core MARCXML MARC (non-Unicode/MARC-8) MARC (Unicode/UTF-8) MARC (Unicode/UTF-8, Standard) MODS (XML) RIS
  • More searches
    Search for this title in:
    Other Libraries (WorldCat) Other Databases (Google Scholar) Online Stores (Bookfinder.com) Open Library (openlibrary.org)

Exporting to Dublin Core...

SOUTHVILLE LIBRARY

Southville International School and Colleges Library

1281 Tropical Ave. Cor. Luxembourg St., BF Homes International, Las Pinas City

Tel. No. 8256374 / 252358 Loc. 117/146

Powered by Koha